00745 a2200253 4500502002400000260001500024653001400039100002400053041000700077260003100084300001100115245008700126650002700213650000900240650002100249260001800270300002900288130000700317040001400324041000700338653003900345100008900384020001800473 aThèse de Doctorat aWageningen1 aAgronomie aTIEMERSMA, Edine W. bEn bUniversité de Wageningen a166 p. aMeat, smoking, alcohol, and colorectal tumors : the role of genetic susceptibility aGENETIC SUSCEPTIBILITY aROLE aCOLORECTAL TUMOR c12 Avril 2002 bIll., Couv. ill. ; 24 cm lEn aSupport  bEn 1aNutrition et Sciences Alimentaires uAbomey-Calavi, Université d'Abomey-Calavi, Faculté des Sciences Agronomiques, Bj a90-5808-626-7